| 000 | 00549nam a22001817a 4500 | ||
|---|---|---|---|
| 003 | OSt | ||
| 005 | 20140310182022.0 | ||
| 008 | 130801t xxu||||| |||| 00| 0 eng d | ||
| 020 | _a9781425801601 | ||
| 050 |
_aQE 28 _b.L657 2009 |
||
| 082 |
_aTR 372.3 _bB622 2009 |
||
| 245 |
_aLevel texts for Science : _bEarth and space Science / _cReading level editor Josh BishopRoby [et al.] |
||
| 260 |
_aHuntington, Beach, CA _bShell Education, _cc2009. |
||
| 300 |
_a144 p. : _bill. ; _c28 cm. |
||
| 541 | _j1 | ||
| 562 | _e1 | ||
| 942 |
_2lcc _cBK-TR _kTR |
||
| 999 |
_c8379 _d8379 |
||